| 000 | 00494cam a2200193ua 4500 | ||
|---|---|---|---|
| 041 |
_aeng _h |
||
| 082 |
_a613 _bNIX/RA |
||
| 100 | _aNix, Howard E . | ||
| 245 |
_aRadiant health / _cE.Howard Nix. _hTextual Documents |
||
| 260 |
_aHerts : _bThe Stanborough Press Ltd , _c1977. |
||
| 300 | _a154 ; . | ||
| 504 | _a | ||
| 700 | 1 | _aBradley, T.J . | |
| 700 | 1 | _aHuse, Arthur B . | |
| 700 | 1 | _aHyde, Ashford J . | |
| 700 | 1 | _aWhitehead, Stanley B . | |
| 942 | _cBK | ||
| 999 |
_c4596 _d4596 |
||